[Event "Challenge"]
[Site "http://www.queenalice.com/game.php?id=1462068"]
[Date "2017.1.31"]
[Round "-"]
[White "Marcelin07"]
[Black "Lapoule"]
[Result "0-1"]
[WhiteElo "1771"]
[BlackElo "1744"]

1. d4 d5 2. e3 Nf6 3. c4 b6 4. Bd3 Bb7 5. c5 Bc6 6. Nf3 Nbd7 7. Nc3 e6 8. Ng5
bxc5 9. e4 cxd4 10. Nxe6 fxe6 11. Nxd5 Bxd5 12. exd5 exd5 13. O-O Bd6 14. Bg5
O-O 15. Re1 h6 16. Re6 Kf7 17. Rxf6+ Nxf6 18. Bd2 c5 19. Rc1 Qc7 20. Qc2 Ne4 21.
g3 Qe7 22. Re1 Qf6 23. Re2 Kg8 24. Bxe4 dxe4 25. Bf4 d3 26. Qc4+ Qf7 27. Rxe4
Qxc4 28. Rxc4 Bxf4 0-1

[Event "Challenge"]
[Site "http://www.queenalice.com/game.php?id=1462178"]
[Date "2017.1.31"]
[Round "-"]
[White "Marcelin07"]
[Black "chessplayer123"]
[Result "0-1"]
[WhiteElo "1785"]
[BlackElo "1831"]

1. e4 e5 2. Nf3 d6 3. d4 exd4 4. Nxd4 Be7 5. Bd3 Nf6 6. Nc3 O-O 7. O-O Bg4 8. f3
Bh5 9. Be3 Bg6 10. a3 Nbd7 11. f4 h6 12. e5 Bxd3 13. Qxd3 dxe5 14. Nf5 exf4 15.
Bxf4 Kh8 16. Qh3 Nh7 17. Nd5 Bf6 18. Rf3 c6 19. Nxf6 Ndxf6 20. Nxh6 gxh6 21.
Bxh6 Rg8 22. c3 Rg6 23. Rxf6 Qxf6 24. Be3 Kg8 25. Rf1 Qe6 26. Qf3 Re8 27. Bd2
Kf8 28. Be3 Ke7 29. Re1 Kd7 30. h3 Kc8 31. Qf2 Qxh3 32. Re2 Qg4 33. b3 Ng5 34.
Kf1 Ne4 0-1

[Event "Challenge"]
[Site "http://www.queenalice.com/game.php?id=1462357"]
[Date "2017.2.2"]
[Round "-"]
[White "Marcelin07"]
[Black "LouisLeRouge"]
[Result "0-1"]
[WhiteElo "1771"]
[BlackElo "1756"]

1. e4 d5 2. e5 c5 3. c4 d4 4. Bd3 Nc6 5. Nf3 Bg4 6. h3 Bxf3 7. Qxf3 Nxe5 8. Qe2
Nxd3+ 9. Qxd3 e5 10. O-O Bd6 11. Qe4 Qd7 12. d3 f5 13. Qf3 Nf6 14. Bg5 O-O 15.
Nd2 Rae8 16. Bxf6 Rxf6 17. Qd5+ Kh8 18. Rae1 e4 19. Nxe4 fxe4 20. Rxe4 Rxe4 21.
Qxe4 Re6 22. Qf3 Qe7 23. g3 Re2 24. Qg2 Rxb2 25. f4 Rxg2+ 0-1

[Event "Challenge"]
[Site "http://www.queenalice.com/game.php?id=1464171"]
[Date "2017.2.13"]
[Round "-"]
[White "LouisLeRouge"]
[Black "Marcelin07"]
[Result "1-0"]
[WhiteElo "1784"]
[BlackElo "1743"]

1. e4 e5 2. Nf3 Nc6 3. d4 d5 4. Nxe5 dxe4 5. Bb5 Bd7 6. Bxc6 bxc6 7. O-O g6 8.
Nc3 f5 9. f3 Bd6 10. Bf4 Nf6 11. fxe4 Bxe5 12. Bxe5 O-O 13. Bxf6 Qxf6 14. e5 Qe6
15. Na4 f4 16. Nc5 Qd5 17. c4 Qf7 18. Qe2 h5 19. e6 Bxe6 20. Qxe6 Rae8 21. Qxf7+
Rxf7 22. Rae1 Rfe7 23. Rxe7 Rxe7 24. Kf2 g5 25. Re1 Kf7 26. Rxe7+ Kxe7 27. Kf3
Kf6 28. Ke4 a5 29. Na6 1-0

[Event "Lets play!? Bora jogar?"]
[Site "http://www.queenalice.com/game.php?id=1464308"]
[Date "2017.2.13"]
[Round "-"]
[White "bernhar"]
[Black "Marcelin07"]
[Result "0-1"]
[WhiteElo "1824"]
[BlackElo "1763"]

1. e4 e5 2. Qh5 Nc6 3. Bc4 g6 4. Qf3 Nf6 5. Nh3 Nd4 6. Qd3 d5 7. Bxd5 Nxd5 8.
exd5 Qxd5 9. O-O Bxh3 10. gxh3 O-O-O 11. c3 Nf3+ 12. Qxf3 Qxf3 13. Re1 Bc5 14.
Rf1 Qxh3 15. b4 Bd6 16. Na3 e4 17. Bb2 Qxh2# 0-1

[Event "Lets play!? Bora jogar?"]
[Site "http://www.queenalice.com/game.php?id=1464309"]
[Date "2017.2.13"]
[Round "-"]
[White "Marcelin07"]
[Black "bernhar"]
[Result "1-0"]
[WhiteElo "1743"]
[BlackElo "1844"]

1. e4 e5 2. Nf3 d6 3. d4 a6 4. Bd3 Bg4 5. h3 Bxf3 6. Qxf3 exd4 7. e5 d5 8. O-O
h6 9. e6 f6 10. Qh5+ Ke7 11. Re1 1-0

[Event "Challenge"]
[Site "http://www.queenalice.com/game.php?id=1465056"]
[Date "2017.2.16"]
[Round "-"]
[White "thbn"]
[Black "Marcelin07"]
[Result "0-1"]
[WhiteElo "1740"]
[BlackElo "1808"]

1. e4 e5 2. Nf3 Nf6 3. Nc3 Nc6 4. Bc4 d6 5. O-O Be7 6. d4 Bg4 7. Bg5 Nxd4 8. Be2
h6 9. Bh4 c5 10. h3 Nxf3+ 11. Bxf3 Bxf3 12. Qxf3 O-O 13. Rad1 a6 14. a3 Nh7 15.
Bg3 Ng5 16. Qd3 Nh7 17. Rfe1 Rc8 18. f4 c4 19. Qf3 Bh4 20. fxe5 Bxg3 21. Qxg3
Qg5 22. Qxg5 hxg5 23. exd6 Rcd8 24. Nd5 Rfe8 25. Ne7+ Kh8 26. d7 Rxe7 27. Rd4
Rexd7 28. Rxc4 Nf8 29. e5 Ne6 30. h4 Rd4 31. Rc3 Rg4 32. hxg5 Rxg5 33. b4 Rd2
34. Rc8+ Kh7 35. Re3 Rd1+ 36. Kf2 Kg6 37. Re2 Rd5 38. c4 Rf5+ 39. Kg3 Rd3+ 40.
Kh2 Rh5+ 41. Kg1 Rxa3 42. Re4 Ra4 43. Rg4+ Rg5 44. Rh4 Rxb4 45. Rb8 a5 46. Ra8
a4 47. Rh3 Rxe5 48. Rg3+ Ng5 49. Rd8 Rxc4 50. Rd6+ f6 51. Rb6 Rc1+ 52. Kh2 Re8
53. Ra3 Rh8+ 54. Kg3 Ne4+ 55. Kf4 Rh4+ 56. Ke3 Re1+ 57. Kd4 Nd6+ 58. Kd5 Nc4 59.
Rg3+ Kh7 60. Rxb7 Re5+ 61. Kc6 Na5+ 62. Kc7 Nxb7 63. Kxb7 Rhe4 64. Ra3 g5 65.
Rh3+ Rh4 66. Rc3 Rb4+ 67. Kc7 Rb3 68. Rc6 Kg6 69. Ra6 a3 70. Ra8 Re2 71. Rg8+
Kf5 72. Kc6 a2 73. g4+ Kxg4 74. Rd8 a1=Q 75. Rd4+ Qxd4 76. Kc7 Rc2# 0-1

[Event "Challenge"]
[Site "http://www.queenalice.com/game.php?id=1466023"]
[Date "2017.2.22"]
[Round "-"]
[White "thbn"]
[Black "Marcelin07"]
[Result "0-1"]
[WhiteElo "1750"]
[BlackElo "1781"]

1. e4 e5 2. Nf3 d6 3. Nc3 Nc6 4. Bc4 Bg4 5. O-O Nd4 6. Be2 h5 7. d3 Bxf3 8. Bxf3
Nxf3+ 9. Qxf3 Qh4 10. Nd5 Rc8 11. Be3 c6 12. Nc3 Nf6 13. Ne2 Ng4 14. h3 Nxe3 15.
Qxe3 g6 16. d4 b6 17. Rad1 Qe7 18. dxe5 Qxe5 19. f4 Qxb2 20. e5 dxe5 21. Nc3 Bc5
22. Rfe1 Bxe3+ 23. Rxe3 O-O 24. fxe5 Rcd8 25. Rde1 Rfe8 26. Ne4 Re7 27. Nf6+ Kg7
28. Kh2 Rxe5 29. Rb3 Qd4 30. Rf1 Re6 31. Nh7 Kxh7 32. Rxf7+ Kg8 33. Rf1 Rf8 34.
Rfb1 Qd6+ 35. Kh1 Ref6 36. Rg1 Rf1 37. Rd3 Qxd3 38. cxd3 Rxg1+ 39. Kxg1 Rd8 40.
Kh2 Rxd3 41. a4 Ra3 42. h4 Rxa4 43. g3 Rd4 44. Kh3 c5 45. Kh2 a5 46. Kh3 a4 47.
Kh2 a3 48. Kh3 a2 49. g4 a1=Q 50. g5 Qc3+ 51. Kg2 Rd2+ 52. Kf1 Qc1# 0-1

[Event "Challenge"]
[Site "http://www.queenalice.com/game.php?id=1467600"]
[Date "2017.3.6"]
[Round "-"]
[White "knight576"]
[Black "Marcelin07"]
[Result "1-0"]
[WhiteElo "2025"]
[BlackElo "1816"]

1. e4 e5 2. Nf3 Nc6 3. d4 d6 4. dxe5 dxe5 5. Qxd8+ Nxd8 6. Nxe5 Nf6 7. f3 Be7 8.
c4 O-O 9. Be3 Be6 10. a3 Bd6 11. Bd4 Nc6 12. Nxc6 Rfe8 13. Nxa7 c5 14. Bxf6 Rxa7
15. Bh4 Be5 16. Nc3 f6 17. Kd2 Bxc3+ 18. Kxc3 g5 19. Bf2 b6 20. Rd1 h5 21. h4 g4
22. Be2 f5 23. Rd6 Kf7 24. Rxb6 Rd7 25. Rd1 f4 26. Rxd7+ Bxd7 27. Bxc5 g3 28.
Bd6 Re6 29. c5 1-0

[Event "Challenge"]
[Site "http://www.queenalice.com/game.php?id=1468692"]
[Date "2017.3.14"]
[Round "-"]
[White "Marcelin07"]
[Black "sophiedurga"]
[Result "1-0"]
[WhiteElo "1796"]
[BlackElo "1896"]

1. e4 Nf6 2. e5 Nd5 3. d4 d6 4. c4 Nb6 5. Nc3 dxe5 6. d5 c6 7. Nf3 f6 8. Bd3 Bd7
9. Nxe5 fxe5 10. Qh5+ g6 11. Qxg6+ 1-0

[Event "Challenge"]
[Site "http://www.queenalice.com/game.php?id=1470182"]
[Date "2017.3.24"]
[Round "-"]
[White "Vin100"]
[Black "Marcelin07"]
[Result "0-1"]
[WhiteElo "1540"]
[BlackElo "1805"]

1. e4 e5 2. Nf3 d6 3. d3 h6 4. Be3 g5 5. Be2 Nc6 6. c3 f5 7. O-O g4 8. Nfd2 h5
9. d4 f4 10. d5 f3 11. Bd3 Nce7 12. gxf3 Ng6 13. Bb5+ Bd7 14. Qa4 Nf6 15. c4 Rg8
16. Nc3 Nh4 17. f4 Bh6 18. Rfe1 exf4 19. Bd4 g3 20. hxg3 fxg3 21. Nf1 gxf2+ 22.
Kxf2 Rg2# 0-1

[Event "Challenge"]
[Site "http://www.queenalice.com/game.php?id=1475218"]
[Date "2017.4.25"]
[Round "-"]
[White "Marcelin07"]
[Black "Sigmund"]
[Result "0-1"]
[WhiteElo "1810"]
[BlackElo "1908"]

1. e4 e5 2. Nf3 Nc6 3. d4 exd4 4. Bd3 h6 5. e5 d6 6. O-O dxe5 7. Re1 Bd6 8. a3
a6 9. Bf4 Bg4 10. Qd2 Bxf3 11. gxf3 Qd7 12. Nc3 dxc3 13. bxc3 O-O-O 14. Rab1 Nb8
15. Be4 c6 16. Be3 Nf6 17. c4 Nxe4 18. fxe4 Qg4+ 19. Kf1 Qxe4 20. Qd1 Qxc4+ 21.
Kg1 Bxa3 22. Qf3 Rd6 23. Kh1 f6 24. Qh3+ Nd7 25. Bb6 Kb8 26. Qxa3 c5 27. Ba5 e4
28. Rb3 Rd2 29. Rxb7+ Kxb7 30. Qb2+ Kc6 31. Bxd2 Qd5 32. Re3 Qxd2 33. Rg3 Qxf2
34. Qb1 e3 35. c4 Re8 36. h4 e2 0-1

[Event "AUTO-OPEN-3794"]
[Site "http://www.queenalice.com/game.php?id=1475396"]
[Date "2017.4.27"]
[Round "1"]
[White "PU1JQF"]
[Black "Marcelin07"]
[Result "0-1"]
[WhiteElo "1325"]
[BlackElo "1800"]

1. e4 e5 2. d4 exd4 3. Qxd4 Nc6 4. Qe3 Nb4 5. Qc3 c5 6. Bc4 Qe7 7. Qf3 Nf6 8.
Nh3 Nxc2+ 9. Ke2 d5 10. Nc3 Bg4 11. Ng5 Bxf3+ 12. gxf3 dxc4 13. Rb1 O-O-O 14.
Nb5 b6 15. Bf4 Nd4+ 16. Kd2 Nxb5+ 17. Ke3 Rd3+ 18. Ke2 Nd4+ 19. Ke1 Nxf3+ 20.
Ke2 Ng4 21. Rbc1 Qd8 22. Rcd1 Be7 23. Nxf7 Qd4 24. Kf1 Qxf2# 0-1

[Event "AUTO-OPEN-3794"]
[Site "http://www.queenalice.com/game.php?id=1475397"]
[Date "2017.4.27"]
[Round "1"]
[White "Marcelin07"]
[Black "PU1JQF"]
[Result "1-0"]
[WhiteElo "1798"]
[BlackElo "1291"]

1. e4 e5 2. Nf3 f6 3. Bc4 Ne7 4. Ng5 fxg5 5. Qf3 d5 6. exd5 Bf5 7. d3 Qd6 8.
Bxg5 Qb4+ 9. Nc3 Qxb2 10. O-O Qxc3 11. d6 cxd6 12. Qxb7 Qxc2 13. Rac1 Qa4 14.
Bb5+ Kf7 15. Bxa4 Kg6 16. h4 a5 17. Qxa8 Nd5 18. Be8# 1-0

[Event "AUTO-OPEN-3794"]
[Site "http://www.queenalice.com/game.php?id=1475424"]
[Date "2017.4.27"]
[Round "1"]
[White "Marcelin07"]
[Black "alvm"]
[Result "1/2-1/2"]
[WhiteElo "1812"]
[BlackElo "2072"]

1. e4 c6 2. d4 d5 3. e5 Bf5 4. Nf3 e6 5. h3 Ne7 6. g4 Bg6 7. h4 h5 8. g5 Nf5 9.
Bd3 Be7 10. Qe2 Qb6 11. Nc3 Nxd4 12. Nxd4 Qxd4 13. Bd2 Bxd3 14. Qxd3 Qxe5+ 15.
Be3 Nd7 16. O-O-O O-O-O 17. Rhe1 Qb8 18. a4 e5 19. Nxd5 cxd5 20. Qxd5 f6 21. Rd3
b6 22. Red1 Nc5 23. Qc6+ Qc7 24. Qa8+ Qb8 25. Qc6+ Qc7 26. Qa8+ Qb8 27. Qc6+
1/2-1/2

[Event "AUTO-OPEN-3794"]
[Site "http://www.queenalice.com/game.php?id=1475425"]
[Date "2017.4.27"]
[Round "1"]
[White "alvm"]
[Black "Marcelin07"]
[Result "1-0"]
[WhiteElo "2041"]
[BlackElo "1822"]

1. d4 d5 2. c4 Nf6 3. cxd5 Nxd5 4. e4 Nb6 5. Nf3 c5 6. Be2 e6 7. O-O Be7 8. Nc3
O-O 9. Qc2 cxd4 10. Nb5 Nc6 11. Bf4 a6 12. Bc7 Qe8 13. Bxb6 axb5 14. Nxd4 Nxd4
15. Bxd4 Qc6 16. Qb3 Qxe4 17. Qe3 f5 18. Qxe4 fxe4 19. Rfe1 Ra4 20. Bc3 e3 21.
fxe3 Bd7 22. Bf3 Bb4 23. Bxb4 Rxb4 24. b3 Bc6 25. Bxc6 bxc6 26. Reb1 c5 27. a3
Re4 28. Re1 Rd8 29. a4 bxa4 30. bxa4 c4 31. Kf2 Rd5 32. a5 Rde5 33. a6 Rf5+ 34.
Kg1 Rf8 35. a7 Ra8 36. Reb1 1-0

[Event "AUTO-OPEN-3794"]
[Site "http://www.queenalice.com/game.php?id=1475426"]
[Date "2017.4.27"]
[Round "1"]
[White "Marcelin07"]
[Black "valdenicio"]
[Result "0-1"]
[WhiteElo "1813"]
[BlackElo "2207"]

1. e4 c5 2. Nf3 d6 3. Bc4 e6 4. d4 cxd4 5. Nxd4 a6 6. Qf3 Nf6 7. O-O Be7 8. Nc3
Qc7 9. e5 dxe5 10. Nxe6 Bxe6 11. Bb3 Bxb3 12. axb3 O-O 13. Ra4 Nc6 14. g4 b5 15.
h4 bxa4 16. g5 Nd4 17. Qd3 Nh5 18. f3 Qc6 19. Nxa4 Qxc2 20. Qxc2 Nxc2 21. Rf2
Nd4 22. Be3 Nf4 23. Bxf4 exf4 24. Nc3 Nxb3 25. Re2 Bc5+ 26. Kg2 Be3 27. Nd5 Rfd8
28. Ne7+ Kf8 29. Nc6 Rd2 30. Rxd2 Bxd2 31. h5 Rc8 0-1

[Event "AUTO-OPEN-3794"]
[Site "http://www.queenalice.com/game.php?id=1475427"]
[Date "2017.4.27"]
[Round "1"]
[White "valdenicio"]
[Black "Marcelin07"]
[Result "1-0"]
[WhiteElo "2206"]
[BlackElo "1815"]

1. d4 d5 2. c4 e6 3. cxd5 exd5 4. Nc3 Bb4 5. Nf3 Nf6 6. Bd2 a5 7. a3 Bxc3 8.
Bxc3 O-O 9. e3 Bg4 10. Be2 Ne4 11. Rc1 f5 12. O-O h5 13. Ne5 Nd7 14. Nxd7 Qxd7
15. f3 Nxc3 16. Rxc3 Bh3 17. gxh3 g5 18. Kh1 Rae8 19. Rg1 g4 20. hxg4 h4 21.
gxf5+ Kf7 22. Qd3 Rg8 23. Rcc1 Ke7 24. e4 Rxg1+ 25. Rxg1 Kd8 26. e5 c5 27. f6 c4
28. Qg6 Qe6 29. f4 Qh3 30. f7 1-0

[Event "OS INCLIVES"]
[Site "http://www.queenalice.com/game.php?id=1478953"]
[Date "2017.5.20"]
[Round "-"]
[White "adelio"]
[Black "Marcelin07"]
[Result "0-1"]
[WhiteElo "1538"]
[BlackElo "1802"]

1. d4 d5 2. e4 dxe4 3. Nc3 f5 4. f3 e6 5. a3 a6 6. fxe4 fxe4 7. Nxe4 Qh4+ 8. Ng3
Bd6 9. Qd3 Nf6 10. Be3 Ne4 11. O-O-O Nf2 12. Bxf2 O-O 13. Nf3 Bxg3 14. Nxh4 Bxf2
15. g3 b5 0-1

[Event "OS INCLIVEIS"]
[Site "http://www.queenalice.com/game.php?id=1478954"]
[Date "2017.5.20"]
[Round "-"]
[White "Marcelin07"]
[Black "adelio"]
[Result "1-0"]
[WhiteElo "1807"]
[BlackElo "1533"]

1. e4 a6 2. d4 c5 3. d5 e5 4. Nf3 d6 5. h3 Be7 6. h4 Bg4 7. Be2 Bxf3 8. Bxf3
Bxh4 9. g3 Be7 10. c4 Nd7 11. b3 Nf8 12. Bd2 Ng6 13. Nc3 Nf6 14. Qe2 h5 15.
O-O-O Qa5 16. Na4 1-0

[Event "Challenge"]
[Site "http://www.queenalice.com/game.php?id=1494992"]
[Date "2017.9.17"]
[Round "-"]
[White "blackwolf"]
[Black "Marcelin07"]
[Result "0-1"]
[WhiteElo "1877"]
[BlackElo "1797"]

1. d4 d5 2. c4 dxc4 3. Nf3 Nf6 4. Bg5 h6 5. Bh4 Bf5 6. Nc3 e6 7. e3 Be7 8. Bxc4
O-O 9. Bxf6 Bxf6 10. O-O a6 11. Re1 g5 12. h3 g4 13. hxg4 Bxg4 14. Be2 Bh4 15.
Nxh4 Bxe2 16. Qxe2 Qxh4 17. Qf3 Nc6 18. Ne4 f5 19. Qg3+ Qg4 20. Qxg4+ fxg4 21.
a3 Rf5 22. Ng3 Rb5 23. b4 a5 24. Reb1 a4 25. Rc1 Rd8 26. Rc5 Rxc5 27. bxc5 Kg7
28. Rb1 Na5 29. Rb4 Kg6 30. Ne2 Nc6 0-1

[Event "Challenge"]
[Site "http://www.queenalice.com/game.php?id=1494993"]
[Date "2017.9.17"]
[Round "-"]
[White "Marcelin07"]
[Black "blackwolf"]
[Result "0-1"]
[WhiteElo "1811"]
[BlackElo "1863"]

1. e4 e5 2. Nf3 Nf6 3. d3 Nc6 4. Bg5 Be7 5. h4 d6 6. Nc3 O-O 7. Qd2 Bg4 8. Nd5
Bxf3 9. Nxe7+ Qxe7 10. gxf3 Nd4 11. Bg2 Ne6 12. O-O-O h6 13. Rh2 hxg5 14. hxg5
Nh7 15. Rdh1 Nexg5 16. Rh5 g6 17. Rxh7 Nxh7 18. Qh6 Qg5+ 19. Qxg5 Nxg5 20. c4
Kg7 21. Kc2 Rh8 22. Rb1 Rh2 0-1